Normal view MARC view
  • SHARMA.DR.K.K AND CHADHA, PROF. HINA

Entry Personal Name

Number of records used in: 1

001 - CONTROL NUMBER

  • control field: 8519

003 - CONTROL NUMBER IDENTIFIER

  • control field: JRU

005 - DATE AND TIME OF LATEST TRANSACTION

  • control field: 20240918115243.0

008 - FIXED-LENGTH DATA ELEMENTS

  • fixed length control field: 240918|| aca||aabn | a|a d

040 ## - CATALOGING SOURCE

  • Original cataloging agency: JRU
  • Transcribing agency: JRU

100 ## - HEADING--PERSONAL NAME

  • Personal name: SHARMA.DR.K.K AND CHADHA, PROF. HINA

670 ## - SOURCE DATA FOUND

  • Source citation: Work cat.: (JRU)8647: SHARMA.DR.K.K AND CHADHA, PROF. HINA, REMIDIAL BIOLOGY [ 1.ST SEMESTER]